00547 2200193 4500001002100000005001500021035002000036007000300056008004100059020001800100082001100118084001700129100002200146245007100168260003800239300004500277650001500322990001600337INLIS00000000000016620231013024353 a0010-1023000102ta231013 g 0 ind  a979-489-383-8 a636.52 a636.52 SUB m0 aSubangkit Mulyono1 aMemelihara Ayam Buras Berorientasi Agribisnis /cSubangkit Mulyono aJakarta :bPenebar Swadaya,c1996 aviii, 176 hlm, :bilus, ;c14 cm x 21 cm 4aAyam Buras a00000000178